Name the avengers - Statistics

General Stats
  • This quiz has been taken 2,229 times
    2,211 since last reset
  • The average score is 6 of 6
Answer Stats
Hint Answer % Correct
Guy in high tech armor Iron man
99%
God Thor
98%
Widow Black widow
97%
America Captain America
97%
Bow and arrow Hawkeye
97%
Giant green thing The hulk
65%
No matching quizzes found
Score Distribution
Percent of People with Each Score
Percentile by Number Answered
Your Score History
You have not taken this quiz since the last reset